La infancia en juego; aportes desde el concepto de resiliencia /

Guardado en:
Autor Principal: Pasini, María Marta
Formato: Libro
Publicado: Tandil : Uncpba, 2002
Materias:
Etiquetas: Agregar Etiqueta
Sin Etiquetas, Sea el primero en etiquetar este registro!
LEADER 00535nam a22001935a 4500
001 CEM.cems011084
005 20060214000000.0
008 130507s2002##################000#0#####d
003 CEMS
082 0 4 |a F370 
100 1 |a Pasini, María Marta 
245 1 0 |a La infancia en juego; aportes desde el concepto de resiliencia / 
260 |a Tandil :  |b Uncpba,  |c 2002 
300 |a 9 p. 
653 |a Educacion 
653 |a Educacion inicial 
653 |a Resiliencia 
653 |a Juego 
859 |a CEMS  |b BIB. CEMS - 11 de abril  |h F370  |i 28-2  |p 1882.44  |t Ej.1